| 000 | 00743nam a2200289Ia 4500 | ||
|---|---|---|---|
| 005 | 20250425162505.0 | ||
| 008 | 250425s9999 xx 000 0 und d | ||
| 020 | _a9781420045475 | ||
| 041 | _aeng | ||
| 043 | _axxu | ||
| 082 | _a621.384 | ||
| 100 | _aAHSON, SYED | ||
| 245 | 0 | _aWIMAX: APPLICATIONS | |
| 250 | _aS.E. | ||
| 260 | _aBOCA RATON | ||
| 260 |
_aEstados Unidos _bCRC PRESS _c2008 |
||
| 300 | _a229 | ||
| 500 | _aWIMAX HANDBOOK | ||
| 650 | _aACCESO POR MICROONDAS | ||
| 650 | _aCONEXIONES DE BANDA ANCHA | ||
| 650 | _aSISTEMAS DE COMUNICACION INALAMBRICOS | ||
| 650 | _aSISTEMAS DE COMUNICACIONES MOVILES | ||
| 650 | _aTECNOLOGIAS INALAMBRICAS | ||
| 700 | _aILYAS, MOHAMMAD | ||
| 942 | _c01 | ||
| 010 | _a77641 | ||
| 999 |
_c230283 _d230283 |
||